000 00563nam a22002057a 4500
999 _c7141
_d7141
003 OSt
005 20221004104601.0
008 210906b ||||| |||| 00| 0 eng d
020 _a9781412981682
040 _cDDC
082 _aW100 G191g 2011
100 _aGarrett, Bob
_914704
245 _aBrain & Behavior: an introduction to biological psychology
250 _a3rd ed.
260 _aLoss Anelees
_bSage
_c2011
300 _axvi,615p
_bCol.ill:
_c28cm
504 _aGlossary & Index included
650 _aMedical professional
_914706
942 _2z
_cO_SHELF